[Event "Hallstahammar op"]
[Site "Hallstahammar"]
[Date "2004.09.12"]
[Round "8"]
[White "Arvidsson, Tomas"]
[Black "Svard, Bjorn"]
[Result "1-0"]
[WhiteElo "2039"]
[BlackElo "1672"]
[PlyCount "95"]
[EventDate "2004.09.10"]
[EventType "swiss"]
[EventRounds "8"]
[EventCountry "SWE"]
[SourceTitle "EXT 2005"]
[Source "ChessBase"]
[SourceDate "2004.11.15"]
[SourceVersion "1"]
[SourceVersionDate "2004.11.15"]
[SourceQuality "1"]

1. g3 Nf6 2. d4 d5 3. Bg2 g6 4. Nf3 Bg7 5. Nc3 0-0 6. Bf4 c6 7. 0-0 Re8 8. a4 Nbd7 9. a5 Nh5 10. Be3 e5 11. dxe5 Nxe5 12. Nxe5 Bxe5 13. Bd4 Qf6 14. e3 Bxd4 15. exd4 Ng7 16. Qd2 Nf5 17. Rad1 b6 18. Rfe1 Bd7 19. Ne2 Nd6 20. b3 Re7 21. f3 Rae8 22. axb6 axb6 23. c3 Nf5 24. Nf4 Ne3 25. Ra1 Nxg2 26. Kxg2 Rxe1 27. Rxe1 Rxe1 28. Qxe1 Kf8 29. Kf2 Qe7 30. Qa1 b5 31. Nd3 Qg5 32. Nf4 Qe7 33. h4 g5 34. Qa8+ Be8 35. hxg5 Qxg5 36. Qa3+ Qe7 37. Qc1 Bd7 38. Nd3 f6 39. Qf4 Kg7 40. Qc7 Kf7 41. g4 Be8 42. Qf4 Kg7 43. Nc5 h5 44. Qf5 hxg4 45. Qxg4+ Kf7 46. f4 Kf8 47. Ne6+ Kf7 48. f5 1-0

[Event "Hallstahammar op"]
[Site "Hallstahammar"]
[Date "2001.09.08"]
[Round "5"]
[White "Svard, Bjorn"]
[Black "Ljungberg, Jonas"]
[Result "1/2-1/2"]
[WhiteElo "1644"]
[BlackElo "1883"]
[PlyCount "72"]
[EventDate "2001.??.??"]
[EventType "swiss"]
[EventRounds "7"]
[EventCountry "SWE"]
[SourceTitle "EXT 2006"]
[Source "ChessBase"]
[SourceDate "2005.11.24"]
[SourceVersion "1"]
[SourceVersionDate "2005.11.24"]
[SourceQuality "1"]

1. d4 Nf6 2. c4 e6 3. Nf3 b6 4. g3 Bb7 5. Bg2 c5 6. 0-0 cxd4 7. Nxd4 Bxg2 8. Kxg2 Qc7 9. b3 a6 10. Bb2 Nc6 11. Nc3 Nxd4 12. Qxd4 Bc5 13. Qd3 0-0 14. Kg1 Qc6 15. Rad1 Rfd8 16. Qf3 Qxf3 17. exf3 Be7 18. Ne4 Ne8 19. Rd3 f5 20. Nc3 Bf6 21. Rfd1 Ra7 22. Na4 Bxb2 23. Nxb2 Rc7 24. R3d2 b5 25. Rd4 d6 26. Kf1 Rc6 27. R1d2 Nc7 28. Nd3 bxc4 29. Rxc4 Rxc4 30. bxc4 Rb8 31. Rb2 Rxb2 32. Nxb2 Kf7 33. f4 Ke7 34. Ke2 Kd7 35. Kd2 d5 36. Kc3 Kd6 1/2-1/2